000 00300nam a22001337a 4500
008 181105b xxu||||| |||| 00| 0 eng d
020 _a9780130752239
041 _aeng
080 _22nd
_a510
100 _a36
101 _aMAT
245 _aBasic College Mathematics
_cGay,K.E.M
942 _2udc
_cBK
999 _c51796
_d51796